| 000 | 00480nam a2200169 i 4500 | ||
|---|---|---|---|
| 001 | 140155 | ||
| 003 | ES-MaACL | ||
| 005 | 20230906200024.0 | ||
| 007 | t| | ||
| 008 | 070214s1948 sp bf |||| | spa d | ||
| 100 | 1 |
_aSchulten, Adolf. _9104768 |
|
| 245 | 1 | 0 |
_aTarraco / _cAdolf Schulten. |
| 260 |
_aBarcelona : _bBosch, _c1948. |
||
| 300 |
_a78 p., 3 lám. ; _c22 cm + _e1 mapa. |
||
| 651 | 4 |
_aTarragona- _xRestos arqueológicos romanos. _9138363 |
|
| 852 |
_aES-MaACL _j1926-F-13 |
||
| 999 |
_c140155 _d140155 |
||